000 01549nam a2200481 i 4500
001 56540
003 KOSZ 005
005 20230112150549.0
008 061208s2006 pl a f |000 0 pol
015 _aUWD 2007/25392
020 _a8372516774
035 _a991032757359705066
035 _a(PL-WaBN)b18784604-48omnis_nlop
035 _ab18784604
035 _a(OCoLC)749158033
035 _a(PL)b0000001878460
035 _a(EXLNZ-48OMNIS_NETWORK)9910515993005606
040 _aWA N
_cWA N
_dKOSZ 005/HR
046 _k2006
080 _a341.22(438:100)
080 _a346.52(438:100)
080 _a347.728.1(438:100)
100 1 _aMicherda, Bronisław
_d(1945-2016)
_eAutor
245 1 0 _aProblemy wiarygodności sprawozdania finansowego /
_cBronisław Micherda.
260 _aWarszawa :
_bCentrum Doradztwa i Informacji Difin,
_c2006.
300 _a216 s. :
_bil. ;
_c23 cm.
336 _aTekst
_btxt
_2rdacontent
337 _aBez urządzenia pośredniczącego
_bn
_2rdamedia
338 _aWolumin
_bnc
_2rdacarrier
380 _aKsiążki
388 _a2001-
504 _aBibliogr. s. 210-216.
648 7 _a2001-
650 7 _aFinanse
_2DBN
650 7 _aPrawo finansowe
650 7 _aSprawozdawczość finansowa
651 _aPolska
658 _aGospodarka, ekonomia, finanse
710 _aDifin
856 _uhttp://koha.tu.koszalin.pl/cgi-bin/koha/opac-detail.pl?biblionumber=56540
_yKatalog online BPK
942 _2UKD
_cKS
999 _c56540
_d56540